| 000 | 01383cam a2200409 i 4500 | ||
|---|---|---|---|
| 005 | 20171212141614.0 | ||
| 008 | 041213s1985 pl a f |001 0 pol c | ||
| 020 | _a8320804485 | ||
| 035 | _azz2004918606 | ||
| 039 | 9 |
_a201702270848 _bkopilwa _c201701241455 _dszczu _c201605240220 _dVLOAD _c201605231242 _dpam _y200412131014 _zvugd |
|
| 040 |
_aGD U/EN _cGD U/EN _dGD U/EN _dGD U/AEKs _dOLSZT 003/bak |
||
| 245 | 0 | 0 |
_aElementy rachunku ekonomicznego : _bpraca zbiorowa / _cpod red. nauk. Zdzisława Hellwiga ; [aut.: Stanisława Bartosiewicz et al.]. |
| 250 | _aWyd. 3 zm. i rozsz. | ||
| 260 |
_aWarszawa : _bPaństwowe Wydawnictwo Ekonomiczne, _c1985. |
||
| 300 |
_a539 s. : _bil. ; _c24 cm. |
||
| 504 | _aBibliogr. s. 529-534. Indeks. | ||
| 650 |
_aEkonomika przedsiębiorstwa _vpodręczniki akademickie. |
||
| 650 |
_aRachunek ekonomiczny _vpodręczniki akademickie. |
||
| 700 | 1 |
_aHellwig, Zdzisław _d(1925-2013). _eRed. |
|
| 700 | 1 |
_aBartosiewicz, Stanisława _d(1920- ). |
|
| 710 | 2 |
_aPaństwowe Wydawnictwo Ekonomiczne. _4pbl |
|
| 920 | _a83-208-0448-5 | ||
| 953 | _aKR_93 | ||
| 959 | _aLUBL_64 | ||
| 960 | _aGD_U | ||
| 961 | _aWA_14 WA_310 | ||
| 962 | _aKR_U | ||
| 966 | _aPOZN_004 POZN_31 | ||
| 968 | _aTOR_U | ||
| 970 | _aWA_U | ||
| 971 | _aL_U | ||
| 973 | _aKAT_001 KAT_U | ||
| 975 | _aLUBL_M | ||
| 978 | _aOLSZT_003 | ||
| 979 | _aBSTOK_U | ||
| 980 | _aSZCZ_U | ||
| 999 |
_aVIRTUA _c5376 _d5376 |
||